Ballon D’ Or - Statistics

General Stats
  • This quiz has been taken 193 times
  • The average score is 5 of 10
Answer Stats
Hint Answer % Correct
2 Cristiano Ronaldo
100%
5 Lionel Messi
100%
1 Luka Modric
69%
4 Kylian Mbappe
61%
3 Antoine Griezmann
50%
6 Mohamed Salah
43%
9 Kevin De Bruyne
37%
7 Raphael Varane
31%
8 Eden Hazard
29%
10 Harry Kane
27%
No matching quizzes found
Score Distribution
Percent of People with Each Score
Percentile by Number Answered
Your Score History
You have not taken this quiz